[Event "Ruhrgebiet Verbandsliga Gruppe 2 1516"]
[Site "Germany"]
[Date "2016.01.24"]
[Round "6.4"]
[White "Limberg, Matthias"]
[Black "Krueger, Erich"]
[Result "1/2-1/2"]
[WhiteElo "2027"]
[BlackElo "2051"]
[PlyCount "24"]
[EventDate "2015.09.06"]
[EventType "team-tourn"]
[EventRounds "9"]
[EventCountry "GER"]
[SourceTitle "EXT 2022"]
[Source "ChessBase"]
[SourceDate "2021.10.06"]
[SourceVersion "1"]
[SourceVersionDate "2021.10.06"]
[SourceQuality "1"]
[WhiteTeam "Oberhausen SV II"]
[BlackTeam "Katernberg SF III"]
[WhiteTeamCountry "GER"]
[BlackTeamCountry "GER"]

1. d4 Nf6 2. Bf4 g6 3. e3 Bg7 4. c3 d6 5. h3 0-0 6. Nf3 c5 7. dxc5 dxc5 8. Qxd8 Rxd8 9. Bc7 Rd7 10. Bh2 Rd8 11. Bc7 Rd7 12. Bh2 Rd8 1/2-1/2

[Event "NRW Verbandsklasse Group3 1314"]
[Site "Nordrheinwestfalen"]
[Date "2014.03.09"]
[Round "8.2"]
[White "Limberg, Matthias"]
[Black "Schulze Bisping, Franz Adolf"]
[Result "1-0"]
[WhiteElo "2018"]
[BlackElo "1971"]
[PlyCount "81"]
[EventDate "2013.09.08"]
[EventType "team-tourn"]
[EventRounds "9"]
[EventCountry "GER"]
[SourceTitle "EXT 2020"]
[Source "ChessBase"]
[SourceDate "2019.10.17"]
[SourceVersion "1"]
[SourceVersionDate "2019.10.17"]
[SourceQuality "1"]
[WhiteTeam "Oberhausen SV II"]
[BlackTeam "Erkenschwick II"]
[WhiteTeamCountry "GER"]
[BlackTeamCountry "GER"]

1. d4 Nf6 2. Bf4 c5 3. e3 Qb6 4. Nc3 e6 5. a3 a6 6. Nf3 d5 7. Bd3 cxd4 8. exd4 Nc6 9. 0-0 Be7 10. h3 Bd7 11. Be3 Rc8 12. Qd2 0-0 13. Ne5 Rfd8 14. Nxd7 Rxd7 15. Rfe1 Na5 16. Qe2 Nc4 17. Rab1 Qc6 18. Na2 b5 19. c3 a5 20. Bg5 h6 21. Bh4 Rb8 22. Rec1 Qb6 23. a4 Nd6 24. axb5 Nxb5 25. Bc2 Nh7 26. Bxe7 Rxe7 27. Re1 Nd6 28. Nc1 Nc4 29. Nd3 Ra7 30. Nc5 Nf6 31. Bd3 Nd6 32. b4 axb4 33. Rxb4 Qd8 34. Reb1 Raa8 35. Qb2 Rxb4 36. cxb4 Qb6 37. b5 Ra5 38. Ra1 Nc8 39. Qc3 Rxa1+ 40. Qxa1 Kf8 41. Qa8 1-0

[Event "NRW Class1 1314"]
[Site "Germany"]
[Date "2014.01.12"]
[Round "5.8"]
[White "Guelsen, Taylan"]
[Black "Limberg, Matthias"]
[Result "1-0"]
[WhiteElo "2000"]
[BlackElo "2018"]
[PlyCount "109"]
[EventDate "2013.09.15"]
[EventType "team-tourn"]
[EventRounds "9"]
[EventCountry "GER"]
[SourceTitle "EXT 2015"]
[Source "ChessBase"]
[SourceDate "2014.11.20"]
[SourceVersion "1"]
[SourceVersionDate "2014.11.20"]
[SourceQuality "1"]
[WhiteTeam "Niederkassel"]
[BlackTeam "Oberhausen"]
[WhiteTeamCountry "GER"]
[BlackTeamCountry "GER"]

1. Nf3 d5 2. c4 c6 3. b3 Nf6 4. g3 Bf5 5. Bg2 e6 6. 0-0 h6 7. Bb2 Be7 8. d3 0-0 9. Nbd2 a5 10. a3 Na6 11. Ra2 Qb6 12. Qa1 Rfc8 13. Bc3 Qd8 14. Re1 Nc5 15. Rb1 Bh7 16. Bd4 b5 17. b4 axb4 18. axb4 Rxa2 19. Qxa2 Na4 20. c5 Nd7 21. Nb3 Bf6 22. Qa1 Ra8 23. Bxf6 Qxf6 24. Qxf6 gxf6 25. Ra1 Ra6 26. Nfd4 f5 27. f4 Kf8 28. Kf2 Ke8 29. Na5 Nb8 30. Ndb3 Kd7 31. Nb7 Ra7 32. Nd6 Bg6 33. Nd4 Na6 34. N6xb5 cxb5 35. c6+ Kd8 36. Nxb5 Ra8 37. Rxa4 Nc7 38. Rxa8+ Nxa8 39. Ke3 Nc7 40. Nxc7 Kxc7 41. b5 Kb6 42. Kd4 f6 43. Kc3 Bh7 44. Kb4 Bg6 45. Bf3 Be8 46. d4 Bf7 47. e3 Be8 48. Be2 Bf7 49. c7 Kxc7 50. Kc5 Be8 51. b6+ Kb7 52. Bb5 Bh5 53. Bc6+ Ka6 54. Bd7 Bf7 55. Kc6 1-0

[Event "NRW Class1 1112"]
[Site "Germany"]
[Date "2011.10.09"]
[Round "2.8"]
[White "Limberg, Matthias"]
[Black "Winkels, Marcel"]
[Result "1/2-1/2"]
[WhiteElo "2019"]
[BlackElo "1991"]
[PlyCount "32"]
[EventDate "2011.09.18"]
[EventType "team-tourn"]
[EventRounds "9"]
[EventCountry "GER"]
[SourceTitle "EXT 2015"]
[Source "ChessBase"]
[SourceDate "2014.11.20"]
[SourceVersion "1"]
[SourceVersionDate "2014.11.20"]
[SourceQuality "1"]
[WhiteTeam "Oberhausen"]
[BlackTeam "Muelheim Nord II"]
[WhiteTeamCountry "GER"]
[BlackTeamCountry "GER"]

1. d4 Nf6 2. Bf4 g6 3. e3 Bg7 4. Nf3 0-0 5. h3 d6 6. c3 Nfd7 7. Bc4 e5 8. Bh2 Nc6 9. 0-0 Qe7 10. dxe5 Ndxe5 11. Bb3 b6 12. Bd5 Rb8 13. Qe2 Be6 14. Rd1 Bxd5 15. Rxd5 Qe6 16. Rd1 Qc4 1/2-1/2

[Event "Ruhrgebiet Regionalliga 1011"]
[Site "Nordrheinwestfalen"]
[Date "2011.01.23"]
[Round "5.6"]
[White "Rohel, Markus"]
[Black "Limberg, Matthias"]
[Result "1/2-1/2"]
[WhiteElo "2009"]
[BlackElo "2019"]
[PlyCount "41"]
[EventDate "2010.09.19"]
[EventType "team-tourn"]
[EventRounds "9"]
[EventCountry "GER"]
[SourceTitle "EXT 2020"]
[Source "ChessBase"]
[SourceDate "2019.10.17"]
[SourceVersion "1"]
[SourceVersionDate "2019.10.17"]
[SourceQuality "1"]
[WhiteTeam "Oberhausen SV II"]
[BlackTeam "Horst Emscher"]
[WhiteTeamCountry "GER"]
[BlackTeamCountry "GER"]

1. e4 d5 2. exd5 Qxd5 3. Nc3 Qa5 4. d4 c6 5. Bc4 Bf5 6. Nge2 e6 7. 0-0 Nd7 8. Bf4 Nb6 9. Bb3 Ne7 10. Ng3 Bg6 11. Nce4 Nf5 12. Nxf5 Qxf5 13. Nd6+ Bxd6 14. Bxd6 0-0-0 15. Be5 h5 16. Qe2 f6 17. Bg3 Nd5 18. c4 Nb6 19. c5 Nd5 20. Bd6 Qg4 21. Qd2 1/2-1/2

[Event "Ruhrgebiet VL1 0910"]
[Site "Germany"]
[Date "2010.02.21"]
[Round "7.5"]
[White "Limberg, Matthias"]
[Black "Althoff, Christoph"]
[Result "1-0"]
[WhiteElo "2215"]
[BlackElo "1877"]
[PlyCount "89"]
[EventDate "2009.09.06"]
[EventType "team-tourn"]
[EventRounds "9"]
[EventCountry "GER"]
[SourceTitle "EXT 2011"]
[Source "ChessBase"]
[SourceDate "2010.11.26"]
[SourceVersion "1"]
[SourceVersionDate "2010.11.26"]
[SourceQuality "1"]
[WhiteTeam "Horst Emscher"]
[BlackTeam "Buer"]
[WhiteTeamCountry "GER"]
[BlackTeamCountry "GER"]

1. d4 d5 2. Bf4 Nf6 3. Nf3 e6 4. e3 Bd6 5. Ne5 0-0 6. Bd3 c5 7. c3 Nc6 8. Bg3 Qe7 9. f4 Bd7 10. Bh4 Rfd8 11. Qf3 Rac8 12. 0-0 cxd4 13. exd4 a6 14. Qh3 Kf8 15. Bxh7 Nb8 16. Bg5 Ke8 17. Bg8 Nxg8 18. Bxe7 Bxe7 19. Qh5 Nh6 20. Nd2 Nc6 21. Ndf3 Bf6 22. Ng5 Nxe5 23. fxe5 Bxg5 24. Qxg5 Bb5 25. Rf3 Kf8 26. Rg3 Nf5 27. Rh3 Nh6 28. Re1 Rd7 29. Ree3 Re7 30. Reg3 Ke8 31. Qxg7 Nf5 32. Qf6 Kd7 33. Rg5 Nxd4 34. cxd4 Rc1+ 35. Kf2 Rf1+ 36. Ke3 Rxf6 37. exf6 Re8 38. Rh7 Rf8 39. Rgg7 Ke8 40. g4 Bf1 41. g5 Bg2 42. g6 Be4 43. gxf7+ Kd7 44. Rg8 Bxh7 45. Rxf8 1-0

[Event "Ruhrgebiet Cup tt"]
[Site "Germany"]
[Date "2008.02.23"]
[Round "1.4"]
[White "Limberg, Matthias"]
[Black "Wolff, Michael"]
[Result "1-0"]
[WhiteElo "2028"]
[BlackElo "1697"]
[PlyCount "65"]
[EventDate "2008.02.28"]
[EventType "team"]
[EventRounds "3"]
[EventCountry "GER"]
[SourceTitle "EXT 2009"]
[Source "ChessBase"]
[SourceDate "2008.11.26"]
[SourceVersion "1"]
[SourceVersionDate "2008.11.26"]
[SourceQuality "1"]
[WhiteTeam "Katernberg"]
[BlackTeam "Osterfeld"]
[WhiteTeamCountry "GER"]
[BlackTeamCountry "GER"]

1. d4 Nf6 2. Nf3 c5 3. c3 cxd4 4. cxd4 d5 5. Nc3 b6 6. Bf4 a6 7. e3 e6 8. Bd3 Bb7 9. 0-0 Ne4 10. Bxe4 dxe4 11. Ng5 Bd6 12. Ngxe4 Bxf4 13. exf4 0-0 14. Qd2 Bd5 15. Rfd1 Nc6 16. Ng3 f5 17. Rac1 g6 18. Nf1 Ne7 19. Ne3 Qd7 20. Qe2 b5 21. Nexd5 exd5 22. Qe5 Rad8 23. a3 Rfe8 24. Qf6 Qd6 25. Qxd6 Rxd6 26. f3 Kf7 27. Kf2 Ng8 28. Na2 Nf6 29. Nb4 Ree6 30. Rc5 Ke7 31. Rdc1 Rd7 32. h3 h5 33. Nc6+ 1-0

[Event "Ruhrgebiet VL1 0304"]
[Site "Ruhrgebiet"]
[Date "2003.09.28"]
[Round "1.7"]
[White "Limberg, Matthias"]
[Black "Weyh, Thomas"]
[Result "1/2-1/2"]
[WhiteElo "2013"]
[BlackElo "1978"]
[PlyCount "40"]
[EventDate "2003.09.28"]
[EventType "team"]
[EventRounds "9"]
[EventCountry "GER"]
[SourceTitle "EXT 2007"]
[Source "ChessBase"]
[SourceDate "2006.11.23"]
[SourceVersion "1"]
[SourceVersionDate "2006.11.23"]
[SourceQuality "1"]
[WhiteTeam "Osterfeld"]
[BlackTeam "Oberhausen"]
[WhiteTeamCountry "GER"]
[BlackTeamCountry "GER"]

1. e4 e6 2. d3 d5 3. Nd2 Nf6 4. c3 c5 5. Qc2 Nc6 6. Ngf3 Be7 7. Be2 0-0 8. 0-0 b6 9. Re1 Bb7 10. Nf1 Qc7 11. Ng3 dxe4 12. dxe4 Rfd8 13. Bg5 h6 14. Bxf6 Bxf6 15. Rad1 g6 16. Rxd8+ Rxd8 17. Rd1 Ne5 18. Nxe5 Bxe5 19. Rxd8+ Qxd8 20. Nf1 Qd6 1/2-1/2

[Event "Ruhrgebiet VL1 0001"]
[Site "Ruhrgebiet"]
[Date "2000.09.17"]
[Round "1"]
[White "Watzlawek, Markus"]
[Black "Limberg, Matthias"]
[Result "1/2-1/2"]
[WhiteElo "1946"]
[BlackElo "2014"]
[PlyCount "49"]
[EventDate "2000.09.17"]
[EventType "team-tourn"]
[EventRounds "9"]
[EventCountry "GER"]
[SourceTitle "EXT 2023"]
[Source "ChessBase"]
[SourceDate "2022.10.05"]
[SourceVersion "1"]
[SourceVersionDate "2022.10.05"]
[SourceQuality "1"]
[WhiteTeam "Kamen"]
[BlackTeam "Osterfeld"]
[WhiteTeamCountry "GER"]
[BlackTeamCountry "GER"]

1. d4 Nf6 2. c4 g6 3. Nc3 d5 4. Nf3 Bg7 5. Bg5 c6 6. e3 0-0 7. Be2 dxc4 8. Bxc4 b5 9. Be2 Bb7 10. 0-0 a6 11. Qc2 Nbd7 12. b4 Nd5 13. Nxd5 cxd5 14. a4 f6 15. axb5 axb5 16. Rxa8 Bxa8 17. Bh4 Qb6 18. Nd2 Bc6 19. Rc1 Rc8 20. Nb3 e5 21. Nc5 Nf8 22. Bg3 Bd7 23. Ra1 Bf5 24. Qb3 Rd8 25. Ra5 1/2-1/2